TEORIA MARXISTA : CONTRADICCIONES DEL REGIMEN DE PRODUCCION CAPITALISTA Y CRISIS CICLICAS DE SOBREPRODUCCION INDUSTRIAL /

Shranjeno v:
Bibliografske podrobnosti
Glavni avtor: Rueda Peiro, Isabel (autor)
Format: Knjiga
Serija:MATERIALES DE ESTUDIO ; 5
Teme:
Oznake: Označite
Brez oznak, prvi označite!

MARC

LEADER 00000nam^a2200000^a^4500
001 000245687
005 20250521000000.0
009 20260310105508.734
035 |a 028272 
037 |a Acervo Xavier Clavigero 
082 |a 335. 4  |b RUE 
100 |a Rueda Peiro, Isabel  |e (autor) 
245 1 0 |a TEORIA MARXISTA :  |b CONTRADICCIONES DEL REGIMEN DE PRODUCCION CAPITALISTA Y CRISIS CICLICAS DE SOBREPRODUCCION INDUSTRIAL /  |c ISABEL RUEDA 
264 |a MEXICO :  |b UNAM,  |c 1980 
300 |a 62 p. 
336 |a texto  |b txt  |2 rdacontenido 
337 |a sin mediación  |b n  |2 rdamedio 
338 |a volumen  |b nc  |2 rdasoporte 
440 |a MATERIALES DE ESTUDIO ;  |v 5 
649 |a XX 
650 |a Comunismo 
650 |a Capitalismo 
910 |a Fondo General 
920 |a Impresos - Libros 
930 |a Colección General 
905 |a 101 
901 |a 028272  |b IT1  |c ACC  |i 028272  |u 20250521 
902 |a https://opac.biblio.iteso.mx/vufind/Record/000245687